000 00326 a2200157 4500
001 151784
040 _cEscola São Tomás de Aquino
100 _aALEIXO, Ricardo
240 1 0 _aA roda do mundo
_lpor
245 1 0 _aA roda do mundo
300 _a47
362 0 _a1996
440 1 _aMazza
697 _aPoesia
942 _cBK
999 _c151784
_d151784